Repatriation legal and policy issues concerning refugees from the former Yugoslavia

Enregistré dans:
Détails bibliographiques
Format: Livre
Langue:anglais
Publié: San Domenico (FI) European University Institute/Robert Schuman Centre 1997
Collection:EUI Working paper RSC No. 97/22
Sujets:
Tags: Ajouter un tag
Pas de tags, Soyez le premier à ajouter un tag!

MARC

LEADER 00000nam a2200000 4500
001 c134516
005 20221124073914.8
041 0 |a eng 
044 |a IT 
245 1 0 |a Repatriation  |b legal and policy issues concerning refugees from the former Yugoslavia 
264 1 |a San Domenico (FI)  |b European University Institute/Robert Schuman Centre  |c 1997 
300 |a 36 s. 
490 1 |a EUI Working paper RSC  |v No. 97/22 
830 0 |a EUI Working paper RSC  |v No. 97/22 
610 2 0 |a politika 
610 2 0 |a štát 
610 2 0 |a konflikty medzinárodné 
610 2 0 |a vojny 
610 2 0 |a dohody medzinárodné 
610 2 0 |a ochrana práv občanov 
610 2 0 |a emigrácia 
610 2 0 |a právo medzinárodné 
610 2 0 |a Juhoslávia